Fundamentos de responsabilidade social empresarial (Record no. 136023)

MARC details
000 -LÍDER
campo de controle de tamanho fixo 00495 a2200169 4500
001 - NÚMERO DE CONTROLE
campo de controle 136023
020 ## - ISBN - INTERNATIONAL STANDARD BOOK NUMBER
ISBN - International Standard Book Number 8590713609
040 ## - FONTE DA CATALOGAÇÃO
Instituição que transcreveu o registro Leonardo Da Vinci
041 ## - CÓDIGO DE IDIOMA
Código do idioma do texto/trilha sonora ou título diferente Português
082 ## - CDD - CLASSIFICAÇÃO DECIMAL DE DEWEY
Número de Classificação 658.408 C871f
Número do exemplar C871f
100 ## - ENTRADA PRINCIPAL--NOME PESSOAL
Nome pessoal COSTA, Eduardo Homem da
245 ## - TÍTULO
Título Fundamentos de responsabilidade social empresarial
260 ## - PUBLICAÇÃO, DISTRIBUIÇÃO, ETC.
Nome do editor, distribuidor, etc. E. Homem da Costa
Data da publicação, distribuição, etc. 2007
Local de publicação, distribuição, etc. Rio de Janeiro
362 ## - DATAS DE PUBLICAÇÃO E/OU DESIGNAÇÃO SEQUENCIAL
Datas de publicação e/ou designação sequencial 20070000
697 ## - ENTRADA DE ASSUNTO LOCAL--ENTIDADE COLETIVA (RLIN)
Nome corporativo ou nome da jurisdição Administração
-- Responsabilidade social
-- Investimentos sociais
-- FIPEN
942 ## - ELEMENTOS DE ENTRADA ADICIONADOS (KOHA)
Tipo de material Koha Livros
Holdings
Situação do descarte Situação das perdas Situação física Não pode ser emprestado Biblioteca de origem Biblioteca atual Data de aquisição Total de empréstimos Número de chamada completo Código de barras Data de último acesso Data do preço efetivo Tipo de material Koha
        Leonardo Da Vinci - Osasco Leonardo Da Vinci - Osasco 27/03/2024   658.408 C871f O012457 27/03/2024 27/03/2024 Livros
        Leonardo Da Vinci - Osasco Leonardo Da Vinci - Osasco 27/03/2024   658.408 C871f O012458 27/03/2024 27/03/2024 Livros